[Event "ROM-chT div-A"]
[Site "Mamaia"]
[Date "2019.09.29"]
[Round "9.4"]
[White "Balan, Briana Cleopatra"]
[Black "Martian, Dragos Daniel"]
[Result "0-1"]
[WhiteElo "1757"]
[BlackElo "2160"]
[PlyCount "90"]
[EventDate "2019.09.21"]
[EventType "team-tourn"]
[EventRounds "9"]
[EventCountry "ROU"]
[SourceTitle "EXT 2020"]
[Source "ChessBase"]
[SourceDate "2019.10.17"]
[SourceVersion "1"]
[SourceVersionDate "2019.10.17"]
[SourceQuality "1"]
[WhiteTeam "Bistrita"]
[BlackTeam "Urziceni Viitorul"]
[WhiteTeamCountry "ROU"]
[BlackTeamCountry "ROU"]

1. e4 c5 2. Nc3 e6 3. f4 d5 4. Nf3 dxe4 5. Nxe4 Nc6 6. g3 Be7 7. d3 Nf6 8. Bg2 0-0 9. 0-0 h6 10. Be3 Ng4 11. Bd2 Qb6 12. h3 c4+ 13. Kh1 Nf6 14. Bc3 Nd5 15. Qe2 Nxc3 16. bxc3 cxd3 17. cxd3 Rd8 18. d4 Qa5 19. Qb2 Qc7 20. Rac1 b6 21. c4 Bb7 22. Rfd1 Rac8 23. c5 Na5 24. Ne5 Bxe4 25. Bxe4 bxc5 26. dxc5 Rxd1+ 27. Rxd1 Qxc5 28. Rd7 Qe3 29. Bf3 Rc1+ 30. Rd1 Rxd1+ 31. Bxd1 Qe1+ 32. Kh2 Qxd1 33. Qb8+ Qd8 34. Qxa7 Qd2+ 35. Kh1 Qd5+ 36. Kh2 Qxa2+ 37. Kh1 Qb1+ 38. Kh2 Qb2+ 39. Kg1 Nb7 40. Qb8+ Kh7 41. Nxf7 Bc5+ 42. Kh1 Qb1+ 43. Kg2 Qe4+ 44. Kf1 Qf3+ 45. Ke1 Bb4# 0-1

[Event "ROM-chT div-A"]
[Site "Mamaia"]
[Date "2019.09.28"]
[Round "8.4"]
[White "Dragomirescu, Robin Alexandru"]
[Black "Balan, Briana Cleopatra"]
[Result "1-0"]
[WhiteElo "2337"]
[BlackElo "1757"]
[PlyCount "65"]
[EventDate "2019.09.21"]
[EventType "team-tourn"]
[EventRounds "9"]
[EventCountry "ROU"]
[SourceTitle "EXT 2020"]
[Source "ChessBase"]
[SourceDate "2019.10.17"]
[SourceVersion "1"]
[SourceVersionDate "2019.10.17"]
[SourceQuality "1"]
[WhiteTeam "Ghiroda Si Giarmata VII"]
[BlackTeam "Bistrita"]
[WhiteTeamCountry "ROU"]
[BlackTeamCountry "ROU"]

1. e4 c5 2. b3 e6 3. Bb2 a6 4. Nf3 Nc6 5. d4 cxd4 6. Nxd4 Qf6 7. c3 Bc5 8. g3 Nge7 9. Bg2 0-0 10. 0-0 Qg6 11. Nd2 d5 12. Nxc6 bxc6 13. c4 Bb7 14. Rc1 Rac8 15. Nf3 f6 16. Bh3 Qf7 17. Re1 f5 18. exd5 exd5 19. Ng5 Qg6 20. Ne6 Bb4 21. Nxf8 Rxf8 22. Re2 Qh6 23. a3 Qxh3 24. axb4 Ng6 25. Qd4 Qh6 26. cxd5 f4 27. dxc6 Bc8 28. c7 f3 29. Re4 Rf7 30. Re8+ Nf8 31. Rxc8 Qh3 32. Rxf8+ Kxf8 33. Qd8# 1-0

[Event "ROM-chT div-A"]
[Site "Mamaia"]
[Date "2019.09.22"]
[Round "2.4"]
[White "Balan, Briana Cleopatra"]
[Black "Popescu, Daniel Vasilica"]
[Result "0-1"]
[WhiteElo "1757"]
[BlackElo "2099"]
[PlyCount "154"]
[EventDate "2019.09.21"]
[EventType "team-tourn"]
[EventRounds "9"]
[EventCountry "ROU"]
[SourceTitle "EXT 2020"]
[Source "ChessBase"]
[SourceDate "2019.10.17"]
[SourceVersion "1"]
[SourceVersionDate "2019.10.17"]
[SourceQuality "1"]
[WhiteTeam "Bistrita"]
[BlackTeam "Buzau Phoenix"]
[WhiteTeamCountry "ROU"]
[BlackTeamCountry "ROU"]

1. d4 f5 2. Nc3 Nf6 3. Bg5 e6 4. e4 fxe4 5. Nxe4 Be7 6. Bxf6 Bxf6 7. Nf3 b6 8. Bd3 Bb7 9. c3 Nc6 10. Qc2 Qe7 11. 0-0 g6 12. Rfe1 0-0 13. Nxf6+ Qxf6 14. Be4 Rae8 15. d5 Nd8 16. c4 d6 17. Rac1 e5 18. b4 Bc8 19. c5 bxc5 20. bxc5 Nb7 21. cxd6 cxd6 22. Qb2 Nc5 23. Bb1 Re7 24. Qc3 Bg4 25. Re3 Qf7 26. Qd2 Qf4 27. Qe1 Bxf3 28. Rxf3 Qd4 29. Rd1 Qb2 30. Rxf8+ Kxf8 31. Qa5 Kg7 32. Qd8 Rd7 33. Qg5 Rf7 34. Qg3 Qe2 35. Rf1 Qd2 36. h4 Qxd5 37. h5 Qe6 38. Re1 Qf6 39. hxg6 hxg6 40. Re3 Ne6 41. Bc2 Nf4 42. Bb3 Rc7 43. Qg4 Qf5 44. Qf3 Rc1+ 45. Kh2 Qh5+ 46. Qxh5 Nxh5 47. g3 Nf6 48. Rd3 Rc6 49. Kg2 Kf8 50. Rd2 Ke7 51. Kf3 a5 52. Ke2 Ne4 53. Rc2 Rc5 54. Rc4 Rxc4 55. Bxc4 g5 56. Ke3 Nf6 57. f4 gxf4+ 58. gxf4 e4 59. Kd4 d5 60. Be2 Kd6 61. Bd1 Ng8 62. Be2 Ne7 63. Bg4 Nc6+ 64. Ke3 Nb4 65. a4 Nd3 66. Bd1 Ke6 67. Bg4+ Kf6 68. Bd1 Kf5 69. Bb3 Nxf4 70. Kd4 Ke6 71. Bc2 Kd6 72. Bb3 Ne6+ 73. Ke3 Ke5 74. Bd1 d4+ 75. Ke2 Nc5 76. Ke1 d3 77. Kd2 Kd4 0-1

[Event "ROM-chT div-A"]
[Site "Mamaia"]
[Date "2019.09.21"]
[Round "1.3"]
[White "Calin, Alexandru"]
[Black "Balan, Briana Cleopatra"]
[Result "1-0"]
[WhiteElo "2179"]
[BlackElo "1757"]
[PlyCount "59"]
[EventDate "2019.09.21"]
[EventType "team-tourn"]
[EventRounds "9"]
[EventCountry "ROU"]
[SourceTitle "EXT 2020"]
[Source "ChessBase"]
[SourceDate "2019.10.17"]
[SourceVersion "1"]
[SourceVersionDate "2019.10.17"]
[SourceQuality "1"]
[WhiteTeam "Arad University"]
[BlackTeam "Bistrita"]
[WhiteTeamCountry "ROU"]
[BlackTeamCountry "ROU"]

1. d4 d5 2. Nf3 e6 3. c4 a6 4. cxd5 exd5 5. Nc3 c6 6. Bf4 Bd6 7. Bg3 Ne7 8. e3 Nf5 9. Bd3 Nxg3 10. hxg3 g6 11. e4 dxe4 12. Nxe4 Bb4+ 13. Kf1 Bg4 14. Qe2 Bxf3 15. gxf3 Kf8 16. Qe3 Be7 17. Bc4 b5 18. Bb3 Nd7 19. Qf4 Nf6 20. Ng5 Bd6 21. Qh4 Nd5 22. Rc1 Be7 23. Qh6+ Kg8 24. Ne4 Rc8 25. Qh3 Nb6 26. Kg2 Kg7 27. Qh6+ Kg8 28. Qf4 Nd5 29. Qe5 Bd6 30. Nxd6 1-0

[Event "ROM-ch U18 Girls"]
[Site "Calimanesti Caciulata"]
[Date "2019.04.22"]
[Round "9"]
[White "Balan, Briana Cleopatra"]
[Black "Bucur, Denisa Andreea"]
[Result "0-1"]
[WhiteElo "1883"]
[BlackElo "1945"]
[PlyCount "82"]
[EventDate "2019.04.15"]
[EventType "swiss"]
[EventRounds "9"]
[EventCountry "ROU"]
[SourceTitle "CBM 190 Extra"]
[Source "ChessBase"]
[SourceDate "2019.07.15"]
[SourceVersion "1"]
[SourceVersionDate "2019.07.15"]
[SourceQuality "1"]

1. e4 d6 2. d4 g6 3. Nc3 Bg7 4. Be3 Nd7 5. Qd2 c6 6. f4 b5 7. Nf3 Bb7 8. Bd3 Qc7 9. 0-0 a6 10. b3 c5 11. Rac1 Rc8 12. d5 Qa5 13. Nxb5 Qxd2 14. Nxd2 axb5 15. Bxb5 Bc3 16. Nc4 Rc7 17. Rfd1 Ngf6 18. e5 Nxd5 19. exd6 exd6 20. Nxd6+ Ke7 21. Nxb7 Nxe3 22. Rxd7+ Rxd7 23. Bxd7 Kxd7 24. Nxc5+ Kc6 25. Nd3 Bd2 26. Rb1 Nxc2 27. Kf1 Nd4 28. Rd1 Ba5 29. b4 Bb6 30. a4 f6 31. Nb2 Nf5 32. Nc4 Ne3+ 33. Nxe3 Bxe3 34. g3 Ra8 35. Ke2 Bb6 36. Rc1+ Kd5 37. a5 Re8+ 38. Kd3 Bd4 39. b5 Re3+ 40. Kd2 Ra3 41. a6 Be3+ 0-1

[Event "ROM-ch U18 Girls"]
[Site "Calimanesti Caciulata"]
[Date "2019.04.18"]
[Round "5"]
[White "Balan, Briana Cleopatra"]
[Black "Paraschiv, Petronela Alexandra"]
[Result "1-0"]
[WhiteElo "1883"]
[BlackElo "1842"]
[PlyCount "143"]
[EventDate "2019.04.15"]
[EventType "swiss"]
[EventRounds "9"]
[EventCountry "ROU"]
[SourceTitle "CBM 190 Extra"]
[Source "ChessBase"]
[SourceDate "2019.07.15"]
[SourceVersion "1"]
[SourceVersionDate "2019.07.15"]
[SourceQuality "1"]

1. e4 e5 2. Nf3 Nc6 3. d4 exd4 4. Bc4 Bc5 5. Ng5 Nh6 6. Nxf7 Nxf7 7. Bxf7+ Kxf7 8. Qh5+ g6 9. Qxc5 d6 10. Qc4+ Be6 11. Qe2 Qf6 12. 0-0 Kg7 13. Nd2 Rae8 14. a3 Ne5 15. Qb5 Rb8 16. f4 Nc6 17. Nf3 a6 18. Qd3 Rhf8 19. Bd2 Bg4 20. c3 Bxf3 21. Rxf3 Kg8 22. Raf1 Rbe8 23. Rg3 Rf7 24. f5 Kg7 25. Rf4 Qe5 26. Rfg4 Rf6 27. Bg5 Rf7 28. Bf4 Qf6 29. fxg6 hxg6 30. Rxg6+ Qxg6 31. Rxg6+ Kxg6 32. Qg3+ Kh7 33. Qh4+ Kg8 34. Qg5+ Rg7 35. Qd5+ Rf7 36. Qg5+ Rg7 37. Qd5+ Rf7 38. g3 dxc3 39. bxc3 Ne5 40. Kg2 b6 41. a4 a5 42. h3 Kg7 43. Qd4 Kg6 44. Qd5 Rfe7 45. g4 Nf7 46. Qf5+ Kg7 47. g5 Rxe4 48. Qf6+ Kg8 49. g6 Nh8 50. Bh6 R4e7 51. Kg3 Rd7 52. h4 c6 53. c4 b5 54. axb5 cxb5 55. cxb5 a4 56. b6 a3 57. b7 Rxb7 58. Qxd6 Rbe7 59. Qd5+ Re6 60. h5 R8e7 61. Kg4 Re8 62. Kf5 R8e7 63. Bg5 Re8 64. Bf6 Nf7 65. gxf7+ Kxf7 66. Qd7+ R8e7 67. Bxe7 Rxe7 68. Qd5+ Kg7 69. Qd4+ Kh7 70. Kf6 Rc7 71. Qd3+ Kh8 72. Qd8+ 1-0

[Event "ROM-chT2"]
[Site "Gilau"]
[Date "2018.10.09"]
[Round "3.6"]
[White "Ciorgovean, Iustin"]
[Black "Balan, Briana Cleopatra"]
[Result "1-0"]
[WhiteElo "2219"]
[BlackElo "1723"]
[PlyCount "63"]
[EventDate "2018.10.07"]
[EventType "team-swiss"]
[EventRounds "9"]
[EventCountry "ROU"]
[SourceTitle "CBM 187 Extra"]
[Source "ChessBase"]
[SourceDate "2018.11.04"]
[SourceVersion "1"]
[SourceVersionDate "2018.11.04"]
[SourceQuality "1"]
[WhiteTeam "Oltenia Pro Logos"]
[BlackTeam "Bistrita"]
[WhiteTeamCountry "ROU"]
[BlackTeamCountry "ROU"]

1. d4 d5 2. Nf3 e6 3. g3 a6 4. Bg2 Bd6 5. 0-0 Nf6 6. c4 dxc4 7. Nfd2 0-0 8. Nxc4 Qe7 9. e4 e5 10. f4 Bg4 11. Qd3 b5 12. Nxe5 Bxe5 13. dxe5 Nfd7 14. Nc3 Nc5 15. Qe3 c6 16. f5 b4 17. Nb1 Rd8 18. Nd2 Qxe5 19. h3 Rd3 20. Qf2 Rxg3 21. hxg4 Rxg4 22. Nf3 Qg3 23. Qxg3 Rxg3 24. Bf4 Rg4 25. Ne5 Rh4 26. Rac1 Nbd7 27. Nxd7 Nxd7 28. Rxc6 a5 29. Bg3 Rg4 30. Kh2 g6 31. Bf3 Rg5 32. Bf4 1-0

[Event "ROM-ch U18 Girls"]
[Site "Calimanesti"]
[Date "2018.03.29"]
[Round "3"]
[White "Balan, Briana Cleopatra"]
[Black "Nastase, Andreea Cristina"]
[Result "0-1"]
[WhiteElo "1827"]
[BlackElo "1877"]
[PlyCount "88"]
[EventDate "2018.03.27"]
[EventType "swiss"]
[EventRounds "9"]
[EventCountry "ROU"]
[SourceTitle "CBM 183 Extra"]
[Source "ChessBase"]
[SourceDate "2018.04.19"]
[SourceVersion "1"]
[SourceVersionDate "2018.04.19"]
[SourceQuality "1"]

1. d4 d5 2. Nc3 Nf6 3. Bg5 c6 4. Bxf6 exf6 5. e3 Bd6 6. Bd3 Qb6 7. a3 Be6 8. Nge2 f5 9. b4 Qc7 10. Ng3 g6 11. Qf3 Nd7 12. Nge2 Nf6 13. h3 Qe7 14. 0-0 Ne4 15. Nf4 Nxc3 16. Nxe6 Qxe6 17. Rfe1 Ne4 18. Qe2 0-0 19. c4 dxc4 20. Bxc4 Qd7 21. Rec1 Bc7 22. b5 Qd6 23. g3 Rae8 24. Re1 cxb5 25. Bxb5 Nc3 26. Qc4 Nxb5 27. Qxb5 Qb6 28. Qd5 Rd8 29. Qf3 Qc6 30. Qe2 Qd7 31. Red1 Rfe8 32. Qf3 Qd5 33. Qxd5 Rxd5 34. Rac1 Bb6 35. Rc4 g5 36. Rdc1 f4 37. gxf4 gxf4 38. R4c3 fxe3 39. fxe3 Rxe3 40. Rxe3 Bxd4 41. Kf2 Re5 42. Rce1 Bxe3+ 43. Rxe3 Rxe3 44. Kxe3 Kg7 0-1

[Event "ROM-chT2"]
[Site "Slanic Moldova"]
[Date "2017.10.05"]
[Round "6.6"]
[White "Miloi, Pavel Dan"]
[Black "Balan, Briana Cleopatra"]
[Result "1/2-1/2"]
[WhiteElo "1999"]
[BlackElo "1805"]
[PlyCount "208"]
[EventDate "2017.09.30"]
[EventType "team-tourn"]
[EventRounds "9"]
[EventCountry "ROU"]
[SourceTitle "CBM 181 Extra"]
[Source "ChessBase"]
[SourceDate "2017.12.12"]
[SourceVersion "1"]
[SourceVersionDate "2017.12.12"]
[SourceQuality "1"]
[WhiteTeam "Brasov CSU"]
[BlackTeam "Bistrita"]
[WhiteTeamCountry "ROU"]
[BlackTeamCountry "ROU"]

1. e4 c5 2. Nf3 e6 3. d4 cxd4 4. Nxd4 a6 5. a3 Nf6 6. Nc3 Qc7 7. Be3 b5 8. Bd3 Bb7 9. 0-0 d5 10. exd5 Nxd5 11. Nxd5 Bxd5 12. Qg4 Nd7 13. Rfe1 Nf6 14. Qh3 Be7 15. f3 0-0 16. Kh1 Rfd8 17. Ne2 Bc4 18. Bxc4 Qxc4 19. Rac1 Nd5 20. Bd4 Bf6 21. b3 Qc7 22. Bxf6 Nxf6 23. c4 bxc4 24. bxc4 Qa5 25. f4 Ne4 26. Qe3 Nc5 27. Red1 Rxd1+ 28. Rxd1 Qa4 29. Rb1 Qa5 30. h3 h6 31. Nd4 Rc8 32. f5 e5 33. Qxe5 Qxa3 34. f6 g6 35. Rb8 Rxb8 36. Qxb8+ Kh7 37. Qc7 Qc1+ 38. Kh2 Qxc4 39. Qd8 Ne6 40. Nxe6 Qxe6 41. Qe7 g5 42. h4 gxh4 43. Qb4 Qxf6 44. Qe4+ Kh8 45. Qa4 Qe5+ 46. Kh1 a5 47. Qxh4 Kh7 48. Qc4 Kg6 49. Qg4+ Qg5 50. Qe4+ Qf5 51. Qc6+ Kh5 52. Qc4 f6 53. Qf7+ Kg4 54. Qg7+ Qg5 55. Qd7+ Qf5 56. Qg7+ Kh5 57. Qf7+ Kh4 58. Qc4+ Kg5 59. Qg8+ Kf4 60. Qc4+ Ke5 61. Qc5+ Ke4 62. Qc4+ Ke3 63. Qc3+ Ke2 64. Qb2+ Kd1 65. Qa1+ Kc2 66. Qa2+ Kc3 67. Qa3+ Kd2 68. Qa2+ Ke3 69. Qb3+ Kf4 70. Qf3+ Kg5 71. Qe3+ Qf4 72. Qc5+ Qe5 73. Qc1+ Kg6 74. Qc2+ Qf5 75. Qb3 Qf1+ 76. Kh2 Qf4+ 77. Kh1 Qh4+ 78. Kg1 Qd4+ 79. Kh1 a4 80. Qg8+ Kh5 81. Qe8+ Kh4 82. Qe1+ Kg4 83. Qg3+ Kf5 84. Qh3+ Ke5 85. Qxh6 Qf4 86. Qh5+ Ke4 87. Qe2+ Qe3 88. Qc4+ Qd4 89. Qe2+ Kd5 90. Qb5+ Kd6 91. Qa6+ Ke7 92. Qb7+ Ke6 93. Qc6+ Ke7 94. Qb7+ Qd7 95. Qe4+ Kf8 96. Qb4+ Kg7 97. Qa3 Qd1+ 98. Kh2 Qh5+ 99. Kg1 Qd1+ 100. Kh2 Qb3 101. Qe7+ Qf7 102. Qa3 Qc7+ 103. Kh1 Qf4 104. Qe7+ Kg6 1/2-1/2

[Event "ROM-chT2"]
[Site "Slanic Moldova"]
[Date "2017.10.02"]
[Round "3.6"]
[White "Ardelean, Rusalim Pavel"]
[Black "Balan, Briana Cleopatra"]
[Result "1/2-1/2"]
[WhiteElo "1721"]
[BlackElo "1805"]
[PlyCount "75"]
[EventDate "2017.09.30"]
[EventType "team-tourn"]
[EventRounds "9"]
[EventCountry "ROU"]
[SourceTitle "CBM 181 Extra"]
[Source "ChessBase"]
[SourceDate "2017.12.12"]
[SourceVersion "1"]
[SourceVersionDate "2017.12.12"]
[SourceQuality "1"]
[WhiteTeam "Arad CSU"]
[BlackTeam "Bistrita"]
[WhiteTeamCountry "ROU"]
[BlackTeamCountry "ROU"]

1. e4 c5 2. Nf3 e6 3. d4 cxd4 4. Nxd4 a6 5. c4 Nf6 6. Nc3 Bb4 7. Bd3 Nc6 8. Nxc6 dxc6 9. Bg5 Qd4 10. Qc2 h6 11. Be3 Qd8 12. h3 e5 13. a3 Bxc3+ 14. Qxc3 Qc7 15. 0-0 0-0 16. f4 Re8 17. fxe5 Nd7 18. c5 Nxe5 19. Bf4 f6 20. Be2 b6 21. b4 a5 22. Rad1 axb4 23. axb4 Kh7 24. Rc1 Ba6 25. Bxa6 Rxa6 26. Qg3 Qa7 27. Rfd1 bxc5 28. bxc5 Ra3 29. Rc3 Ra4 30. Re1 Ra5 31. Be3 Ra1 32. Bf2 Rd8 33. Kh2 Qa4 34. Rce3 Rdd1 35. Qf4 Nd3 36. Qf5+ Kg8 37. Qe6+ Kh7 38. Qf5+ 1/2-1/2

[Event "EU-ch U16 Girls 27th"]
[Site "Mamaia"]
[Date "2017.09.07"]
[Round "3"]
[White "Sosa Suarez, Carla Cristina"]
[Black "Balan, Briana Cleopatra"]
[Result "1/2-1/2"]
[WhiteElo "1930"]
[BlackElo "1805"]
[PlyCount "92"]
[EventDate "2017.09.05"]
[EventType "swiss"]
[EventRounds "9"]
[EventCountry "ROU"]
[SourceTitle "CBM 180 Extra"]
[Source "ChessBase"]
[SourceDate "2017.10.06"]
[SourceVersion "1"]
[SourceVersionDate "2017.10.06"]
[SourceQuality "1"]

1. e4 c5 2. Nf3 e6 3. d4 cxd4 4. Nxd4 a6 5. c4 Nf6 6. Nc3 Bb4 7. Bd3 Nc6 8. Be3 0-0 9. Rc1 Ne5 10. 0-0 d5 11. exd5 Bxc3 12. Rxc3 exd5 13. f3 dxc4 14. Bxc4 Nxc4 15. Rxc4 Nd5 16. Bf2 Qg5 17. Qc1 Qg6 18. Kh1 Bd7 19. Qd2 Rac8 20. Rfc1 Rxc4 21. Rxc4 Qb1+ 22. Qc1 Qxa2 23. h4 Nf4 24. Rc3 Ne6 25. Nf5 Qa5 26. g4 Qb4 27. Rc4 Qb5 28. Kg2 Qe5 29. Re4 Qf6 30. Be1 Bc6 31. Bc3 Qd8 32. Re1 Qd3 33. Re3 Qd8 34. Kg3 Re8 35. Qe1 Qd7 36. Qe2 Bb5 37. Qe1 Bc6 38. Bb4 h6 39. Qc3 Rd8 40. Ba5 Rc8 41. Rd3 Bb5 42. Ne7+ Kh7 43. Qxc8 Qxc8 44. Nxc8 Bxd3 45. Nd6 f6 46. Nxb7 Bb5 1/2-1/2

[Event "ROM-ch U16 Girls"]
[Site "Baile Felix"]
[Date "2017.02.05"]
[Round "5"]
[White "Balan, Briana Cleopatra"]
[Black "Bucur, Denisa Andreea"]
[Result "1-0"]
[WhiteElo "1700"]
[BlackElo "1881"]
[PlyCount "61"]
[EventDate "2017.02.02"]
[EventType "swiss"]
[EventRounds "9"]
[EventCountry "ROU"]
[SourceTitle "CBM 176 Extra"]
[Source "ChessBase"]
[SourceDate "2017.03.02"]
[SourceVersion "1"]
[SourceVersionDate "2017.03.02"]
[SourceQuality "1"]

1. e4 c5 2. Nc3 Nc6 3. Bb5 Nd4 4. Bc4 e6 5. Nge2 a6 6. d3 b5 7. Bb3 Bb7 8. 0-0 Ne7 9. Nxd4 cxd4 10. Ne2 Nc6 11. f4 Be7 12. Ng3 0-0 13. Qg4 Kh8 14. f5 Ne5 15. Qh5 Bf6 16. Ne2 d5 17. Bf4 dxe4 18. Bxe5 Bxe5 19. fxe6 f6 20. Nf4 Bxf4 21. Rxf4 g5 22. Rf5 e3 23. Raf1 Kg7 24. h4 h6 25. hxg5 hxg5 26. R1f4 Qc7 27. Rxg5+ fxg5 28. Qxg5+ Kh8 29. Rh4+ Qh7 30. Qe5+ Kg8 31. Rg4+ 1-0